[Event "North Germany-chT U14 Girls"]
[Site "Guestrow"]
[Date "2013.09.13"]
[Round "1.4"]
[White "Janke, Luisa"]
[Black "Reinke, Alica"]
[Result "1-0"]
[WhiteElo "1393"]
[BlackElo "800"]
[PlyCount "61"]
[EventDate "2013.09.13"]
[EventType "team-swiss"]
[EventRounds "5"]
[EventCountry "GER"]
[SourceTitle "EXT 2017"]
[Source "ChessBase"]
[SourceDate "2016.10.25"]
[SourceVersion "1"]
[SourceVersionDate "2016.10.25"]
[SourceQuality "1"]
[WhiteTeam "Harksheide"]
[BlackTeam "Guestrow/Teterow"]
[WhiteTeamCountry "GER"]
[BlackTeamCountry "GER"]

1. d4 d5 2. Nf3 Nf6 3. Bf4 Bf5 4. Nc3 Nc6 5. e3 e6 6. Bb5 Be7 7. Ne5 0-0 8. Bxc6 bxc6 9. Nxc6 Qe8 10. Ne5 Rb8 11. Rb1 Bg4 12. Nxg4 Nd7 13. Bxc7 Rc8 14. Bf4 Qd8 15. Qf3 Re8 16. 0-0 a5 17. Qg3 Bh4 18. Qf3 Be7 19. e4 Ra8 20. Nb5 a4 21. Nc7 Rf8 22. Nxa8 Qxa8 23. exd5 exd5 24. Rfe1 Re8 25. c4 Kf8 26. cxd5 Qxd5 27. Qd3 Qa8 28. Qxh7 Bd8 29. Bd6+ Be7 30. Bxe7+ Rxe7 31. Qh8# 1-0